000 00310nam a22001337a 4500
008 170911b xxu||||| |||| 00| 0 eng d
020 _a9780073253152
041 _aeng
080 _25TH
_a53
100 _a43
101 _aFIZ
245 _aTHE PHYSICS OF EVERYDAY PHENOMENA
_cGRIFFITH,W.TH
942 _2udc
_cBK
999 _c27113
_d27113